1509 1000 1327 1699 1269 1780 1052 1702 1637 1599 1406 1757 1286 1278 1652 1097 1510 1693 1422 1088 1672 1534 1096 1014 1003 1942 1255 1525 1166 1470 1049 1980 1665 1397 1064 1779 1353 1460 1549 1184 1088 1963 1823 1885 1290 1808 1922 1901 1460 1673 1784 1260 1765 1587 1194 1866 1896 1626 1315 1709 1865 1946 1304 1371 1143 1288 1496 1063 1267 1573 1421 1745 1267 1035 1881 1187 1261 1531 1978 1329 1946 1047 1165 1702 1760 1895 1714 1497 1010 1563 1277 1636 1883 1104 1068 1982 1050 1457 1138 BCNSPRNW ULIB Ver.6.0+V

เปลี่ยนเป็นภาษาไทย

Change to English
 แสดงรายละเอียดบรรณานุกรม
  กลับหน้าหลัก

Brief Record : Get Marc (ISO 2709) : E-mail record : QR code < ปิดหน้าต่าง
LEADER : 00000nam 2200000uu 4500
001    13399127939
003     ULIB
008    211115s2021||||th 000 0 tha d
020    ^a9780702078651
060 04 ^aWY161^bN974
245 00 ^aPudner s Nursing the surgical patient /^cedited by Ian, peate and Jay, Macleod
250    ^a4th ed.
260    ^aEdinburgh :^bBailliere Tindall Elsevier,^c2021
300    ^axxii, 557 p. :^bill. ;^c26 cm.
650  2 ^aPerioperative Nursing
700 1  ^aIan, peate,^eed.
700 1  ^aay, Macleod ,^eill.
945    ^p1181^l0^i008527
999    ^aประนอม เกษจรัล
รายการนี้ยังไม่มีแท็ก
คุณยังไม่ได้ล็อกอิน คุณสามารถมีกิจกรรมร่วมกับเว็บไซต์ได้ แต่ต้องล็อกอินก่อน ::
  ล็อกอิน

รายการสื่อสารสนเทศ

ลำดับที่ ประเภท เลขเรียก/บาร์โค้ด สถานที่ สถานะ
1. Book การพยาบาล
หนังสือสำรอง
สถานะ=หนังสือสำรอง
WY161 N974 ฉ.1 
  Barcode: 008527
ห้องสมุดวิทยาเขตสวรรค์ประชารักษ์
►หนังสือทั่วไป
บนชั้น

รายการใกล้เคียง
    หัวเรื่อง [Perioperative Nursing]

BibComment


ยังไม่เคยถูกคอมเมนท์

คอมเมนท์ทรัพยากรรายการนี้
  คอมเมนท์: Pudner s Nursing..


 Copyright 2026. Bcnsprnw @Library